00932nam a2200277 a 450000100060000000300080000600500170001400800410003102000150007203500190008704000370010604100080014308200260015124500660017725000120024326000370025530000340029250400500032665000300037665000180040665000200042470000420044494200120048699900170049895201390051572672BD-RjUL20211209082309.0170522s1971 paua b 001 0 eng d a0721626467 a(BD-RjUL)72890 aDLCcDLCdOCLdEQOdBD-RjULbeng aeng 223a616.969bMAN 197100aManual of clinical mycology /cNorman F. Conant ... [et. al.] a3rd ed. aPhiladelphia :bSaunders,c1971. ax, 755 p. :billus. ;c19 cm. aIncludes bibliographical references and index 0aMedical mycology.9214964 2aFungi9214965 2aMycoses92149661 aConant, Norman Francisd1908-9214967 2ddccBK c72672d72672 00102ddc40718NFICaRUCLbRUCLcReadingd1973-03-03eBlackwellg5.75l0o616.969 MAN 1971r2017-05-22 00:00:00tC-1w2021-12-09yBK